Schaum's outline of theory and porblems of statistics (Record no. 7820)

000 -LEADER
fixed length control field 00583nam a22002177a 4500
001 - CONTROL NUMBER
control field 7820
003 - CONTROL NUMBER IDENTIFIER
control field BD-DhUET
008 - FIXED-LENGTH DATA ELEMENTS--GENERAL INFORMATION
fixed length control field 141213b xxu||||| |||| 00| 0 eng d
020 ## - INTERNATIONAL STANDARD BOOK NUMBER
International Standard Book Number 070602271
020 ## - INTERNATIONAL STANDARD BOOK NUMBER
International Standard Book Number 0070990085
040 ## - CATALOGING SOURCE
Transcribing agency 0
Modifying agency BD-DhUET
082 ## - DEWEY DECIMAL CLASSIFICATION NUMBER
Classification number 519.9
Item number SPI/1961
100 ## - MAIN ENTRY--PERSONAL NAME
Personal name Spiegel, Murray R.
245 ## - TITLE STATEMENT
Title Schaum's outline of theory and porblems of statistics
Statement of responsibility, etc. in SI units
250 ## - EDITION STATEMENT
Edition statement 1st ed.
260 ## - PUBLICATION, DISTRIBUTION, ETC. (IMPRINT)
Place of publication, distribution, etc. New York
Name of publisher, distributor, etc. McGraw-Hill
Date of publication, distribution, etc. 1961
300 ## - PHYSICAL DESCRIPTION
Extent vii, 359p.
Other physical details ill.
Dimensions 35 cm.
490 ## - SERIES STATEMENT
Series statement Schau's outline series
650 #0 - SUBJECT ADDED ENTRY--TOPICAL TERM
Topical term or geographic name as entry element Statistical mathematics
942 ## - ADDED ENTRY ELEMENTS (KOHA)
Koha item type General Book
Holdings
Shelving location Withdrawn status Koha date last seen Koha full call number Price effective from Damaged status Koha item type Source of classification or shelving scheme Piece designation (barcode) Location (home branch) Copy number Not for loan Date acquired Koha normalized classification for sorting Sublocation or collection (holding branch) Lost status
Circulation section 2014-12-13519.9/SPI/19612014-12-13 General Book 31835Central Library, BUET1 2014-12-13519_900000000000000_SPI_1961Central Library, BUET 
Circulation section 2014-12-13519.9/SPI/19612014-12-13 General Book 31855Central Library, BUET2 2014-12-13519_900000000000000_SPI_1961Central Library, BUET 
Circulation section 2014-12-13519.9/SPI/19612014-12-13 General Book 31842Central Library, BUET3 2014-12-13519_900000000000000_SPI_1961Central Library, BUET 
Circulation section 2014-12-13519.9/SPI/19612014-12-13 General Book 31824Central Library, BUET4 2014-12-13519_900000000000000_SPI_1961Central Library, BUET 
Circulation section 2014-12-13519.9/SPI/19612014-12-13 General Book 31814Central Library, BUET5 2014-12-13519_900000000000000_SPI_1961Central Library, BUET 
Circulation section 2014-12-13519.9/SPI/19612014-12-13 General Book 31841Central Library, BUET6 2014-12-13519_900000000000000_SPI_1961Central Library, BUET 
Circulation section 2014-12-13519.9/SPI/19612014-12-13 General Book 31818Central Library, BUET7 2014-12-13519_900000000000000_SPI_1961Central Library, BUET 
Circulation section 2014-12-13519.9/SPI/19612014-12-13 General Book 31861Central Library, BUET8 2014-12-13519_900000000000000_SPI_1961Central Library, BUET 
Circulation section 2014-12-13519.9/SPI/19612014-12-13 General Book 31823Central Library, BUET9 2014-12-13519_900000000000000_SPI_1961Central Library, BUET 
Circulation section 2014-12-13519.9/SPI/19612014-12-13 General Book 31862Central Library, BUET10 2014-12-13519_900000000000000_SPI_1961Central Library, BUET 
Circulation section 2014-12-13519.9/SPI/19612014-12-13 General Book 31856Central Library, BUET11 2014-12-13519_900000000000000_SPI_1961Central Library, BUET 
Reading section 2015-07-09519.9/SPI/19612015-07-09 Reading Item 31387Central Library, BUET12 2015-07-09519_900000000000000_SPI_1961Central Library, BUET